gminy powiatu grójeckiego - Statystyki

Ogólne statystyki
  • Ten quiz został rozwiązany 192 razy
  • Średni wynik to 6 z 10
Odpowiedzi na mapie
Odpowiedzi zakodowano w zielono-czerwonej skali na mapie do tego quizu, zgodnie z poniższymi procentami.
 
Statystyki odpowiedzi
Gmina Odpowiedź % Poprawnych
miejsko-wiejska Grójec
97%
miejsko-wiejska Warka
73%
miejsko-wiejska Mogielnica
72%
miejsko-wiejska Nowe Miasto nad Pilicą
69%
wiejska Belsk Duży
63%
wiejska Chynów
60%
wiejska Jasieniec
58%
wiejska Błędów
52%
wiejska Pniewy
45%
miejska Goszczyn
44%
Nie znaleziono quizów pasujących do podanych kryteriów
Rozkład punktacji
Procent ludzi z każdym wynikiem
Percentyl według liczby udzielonych odpowiedzi
Twoja historia wyników
Nie rozwiązałeś tego quizu